Untersuchungen über die frühere Verbreitung des Aussatzes im heutigen Hessen : eine erste Bestandsaufnahme /

Hlavní autor: Beck, Walburga
Korporativní autor: Ruhr-Universität Bochum
Jazyk: Němčina
Vydáno: Bochum : Walburga Beck, 1993
Fyzický popis: 441 stran
Knihy
Uloženo v:
LEADER 01002nam a2200289 i 4500
001 000016222
003 CZ BrMZK
005 20160819143408.0
007 ta
008 950101s1993 gw f 000 0 ger d
040 |a BOA001  |b cze  |e rda 
100 1 |a Beck, Walburga  |4 dis 
245 1 0 |a Untersuchungen über die frühere Verbreitung des Aussatzes im heutigen Hessen :  |b eine erste Bestandsaufnahme /  |c vorgelegt von Walburga Beck 
264 1 |a Bochum :  |b Walburga Beck,  |c 1993 
300 |a 441 stran 
336 |a text  |b txt  |2 rdacontent 
337 |a bez média  |b n  |2 rdamedia 
338 |a svazek  |b nc  |2 rdacarrier 
502 |a Disertace--Ruhr-Universität Bochum, 1993 
504 |a Obsahuje bibliografii 
541 |a Bochum, Universitätsbibliothek 
710 2 |a Ruhr-Universität Bochum  |7 kn20010710603  |4 oth 
910 |a BOA001  |b M2-1005.273 
962 |a 616.9 
990 |a BK 
991 |b 201608 
996 7 |b 2610016467  |c M2-1005.273  |l MZK  |r Sklad / do 24 hodin  |n 0  |p vým  |w 000016222  |u 000010  |a 1  |e BOA001  |j MZK50  |s A